Polish Journal of Environmental Studies
Na minha lista:
| Formato: | Periódico |
|---|---|
| Idioma: | inglês |
| Publicado em: |
Olsztyn
HARD Publishing Company
|
| Tags: |
Sem tags, seja o primeiro a adicionar uma tag!
|
MARC
| LEADER | 00000nas1a2200000 4500 | ||
|---|---|---|---|
| 001 | 0269955 | ||
| 005 | 20250701092117.9 | ||
| 022 | |a 2083-5906 | ||
| 022 | |a 1230-1485 | ||
| 041 | 0 | |a eng | |
| 044 | |a PL | ||
| 245 | 1 | 0 | |a Polish Journal of Environmental Studies |
| 264 | 1 | |a Olsztyn |b HARD Publishing Company | |